01197cam a2200301 a 4500999001700000001000900017005001700026008004100043010001700084020002500101020002200126035002100148035002400169040004400193050002500237082001800262100003200280245008200312250001200394260006500406300003500471504006400506650002300570856008300593906004500676942003500721952013900756 c30570d305701498804820190926092748.0070830s2008 enka b 001 0 eng  a 2007035893 a9780132046527 (pbk.) a0132046520 (pbk.) a(OCoLC)167769629 a(OCoLC)ocn167769629 aDLCcDLCdBWKUKdBWKdBTCTAdBAKERdDLC00aG155.A1 b.H349 200800a338.4/7912221 aHall, Colin Michael,d1961-10aTourism planning :bpolicies, processes and relationships /cC. Michael Hall. a2nd ed. aHarlow, England ;aNew York :bPearson/Prentice Hall,c2008. axvii, 302 p. :bill. ;c25 cm. aIncludes bibliographical references (p. 269-298) and index. 0aTourismxPlanning.413Table of contents onlyuhttp://www.loc.gov/catdir/toc/ecip0726/2007035893.html a7bcbccorignewd1eecipf20gy-gencatlg 2lcccBOOKShG155.A1 .H349 2008 00102lcc4070aMUCbMUCcGENd2019-09-26ePurchaseg3390.00l1oG155.A1 .H349 2008p23112r2019-10-19s2019-10-05w2019-09-26yBOOKS